000 00887nam a2200217 a 4500
001 000023344
005 20200930022144.0
008 101202s1995 sp a r 000 0 spa d
020 _a8478202862
040 _aDO-SdBNP
_bspa
_cBNPHU
082 _a076.4655
_bV476c
100 1 _aVeras Sanz, Francisco Javier,
_d1918-2000.
_948084
245 1 0 _aCien años de ilustraciones en Heraldo de Aragon, 1895-1995 /
_cFrancisco Javier Veras Sanz.
260 _aZaragoza :
_bInstitución "Fernando el Católico",
_c1995.
300 _a246 p. :
_bil. ;
_c21 cm.
490 1 _aInstitución "Fernando el Católico"
_v1753
504 _aBibliografía: p. 235-239
500 _aIncluye referencias bibliográficas y notas al pie de las páginas
500 _aIncluye datos biográficos del autor en la solapa y la contracubierta
650 4 _aPrensa
_xHistoria
_zAragón (España{Rpara}
_y1895-1995
_948085
999 _c22841
_d22841